Mengurus stres

Bibliographic Details
Main Author: Md. Taib Dora
Other Authors: Hamdan Abd. Kadir
Format: Book
Published: Selangor : PTS Professional Publishing , 2006
Subjects:

MARC

LEADER 00000cam a2200000 7i4500
001 0000011927
005 20071121.0
008 071121
020 |a 9833585302 
090 0 0 |a 155.9042   |b MDT 
100 0 |a Md. Taib Dora 
245 1 0 |a Mengurus stres   |c Md. Taib Dora, Hamdan Abd. Kadir 
260 |a Selangor :   |b PTS Professional Publishing ,   |c 2006 
650 0 |a Malay fiction 
650 0 |a Stress (Psychology) 
650 0 |a Stress management 
700 0 |a Hamdan Abd. Kadir 
999 |a 0001004316   |b Book   |c Adult Collection   |e Cawangan Bandar Penawar 
999 |a 0001004317   |b Book   |c Adult Collection   |e Perbadanan Perpustakaan Awam Johor 
999 |a 0001004319   |b Book   |c Adult Collection   |e Perbadanan Perpustakaan Awam Johor 
999 |a 0001004320   |b Book   |c Adult Collection   |e Cawangan Bandar Penawar